000 01356nam a2200313 a 4500
001 BRCA_3470
005 20190320204310.0
008 290409s1745----enka---###---#000-0#eng-#
041 _aeng
044 _aenk
084 _a759
_b.F47
_c1745
100 1 _aFernández de Avellaneda, Alonso
_99048
245 1 0 _aThe History of the Life and Adventures of the famous Knight Don Quixote, De la Mancha and his Humourous Squire Sancho Panca
_cby Alonso Fernández de Avellaneda ; New first Translated from the Original Spanish, with a Preface an a cont of the Work by Mr. Baker.
260 _aLondres
_bPaul Vaillant
_c1745
300 _a2 v.
_bil.
_c17 cm.
500 _aContenido : v.1. Prólogo. Texto. -- v.2. Texto
500 _aTraducción inglesa de la continuación de Avellaneda con una nota preliminar de Baker. Semipiel Lúdovik Osterc Semipiel.
500 _aEstado físico : Encuadernación desprendida
500 _aQMB6
546 _aTexto en : inglés
650 1 4 _aNovela española
_yÉpoca clásica, 1500-1700
_9215
650 1 4 _aLiteratura española
_yÉpoca clásica, 1500-1700
_9216
650 1 4 _aNovela española
_ySiglo XVII
_9217
650 1 4 _aDon Quijote (Personaje ficticio)
_eNovela
_9218
700 1 _aMr. Baker
_eTraductor
_99049
740 0 _aEl Ingenioso Hidalgo Don Quijote de la Mancha
902 _aQFM
942 _2lcc
_cB
999 _c3206
_d3206